Statystyki dla 25 najludniejszych miast w Włoszech

Kliknij tutaj aby rozwiązać quiz!

Ogólne statystyki

  • Ten quiz został rozwiązany 54 razy
  • Średni wynik to 12 z 25

Statystyki odpowiedzi

Nr.Liczba ludnościMiasto% Poprawnych
1.2,761,632Rzym
100%
2.1,371,498Mediolan
98%
3.914,758Neapol
96%
4.848,885Turyn
96%
5.630,828Palermo
89%
12.254,661Wenecja
89%
8.367,150Florencja
83%
9.316,140Bari
77%
11257,274Werona
74%
7.392,203Bolonia
72%
6.560,688Genua
68%
10.298,324Katania
57%
14.208,732Padwa
40%
18.196,655Parma
38%
17.196,850Brescia
32%
16.200,594Triest
28%
13.220,094Mesyna
26%
23.163,598Perugia
23%
20.185,644Modena
21%
24.156,080Rawenna
13%
22.169,029Reggio Emilia
6%
19.189,171Taranto
6%
25.154,177Liworno
4%
15.200,762Prato
4%
21.171,800Reggio Kalabria
2%

Rozkład punktacji

Percentyl według liczby udzielonych odpowiedzi

Procent ludzi z każdym wynikiem

Twoja historia wyników

Nie rozwiązałeś tego quizu